00681nam a2200193 a 450000100100000000500170001000800410002702000150006804000250008310000220010824501190013026000750024930000200032449000190034450000370036350000470040070000210044783000190046800004296520201002040532.0140213s1997 xxu 000 0 spa d a9977060096 aDO-SdBNPbspacBNPHU1 aChinchilla, Laura13aLa prevención comunitaria del delito :bperspectivas para América Latina /cLaura Chinchilla, José Ma. Rico. aMiami, Florida, :bCentro para la Administración de Justicia,c1997. a72 p. ;c21 cm.1 aMonografiasv6 aIncluye notas a pie de páginas aIncluye datos biografícos de los autores1 aRico, José Ma. 0aMonografiasv6